| 000 | 01782nam a2200349 i 4500 | ||
|---|---|---|---|
| 003 | CO-ViMGA | ||
| 005 | 20230915224424.0 | ||
| 008 | 201119t2015 ck jr 000 0 spa d | ||
| 020 | _a9789588461656 | ||
| 040 |
_aCO-ViMGA _bspa _cCO-ViMGA |
||
| 082 | 0 | 4 |
_a070.44 _bC24s _222 |
| 100 | 1 |
_aCelis Serrano, Rodolfo _eautor _9159842 |
|
| 245 | 1 | 0 |
_aSeis historias para ser contadas : _bantologia de nuevos cronistas colombianos / _cRodolfo Celis Serrano ... [y otros cinco] |
| 260 |
_aBogota : _bIcono Editorial, _c2015 |
||
| 300 |
_a110 paginas _c24 cm |
||
| 505 | 0 | 0 |
_tAl otro lado del rio / _rpor Rodolfo Celis _tLa nieve tropical / _rpor Santiago Jimenez _tMuerte fuera del ruedo / _rpor Lizeth Leon _tEl angel de las tinieblas / _rpor Nelson Martinez _tEsta maleta es mia / _rpor Raul Piamonte _tEl sueño de los justicieros / _rpor Edith Sanchez |
| 586 | _aAutores galardonados con el Premio Distrital de Crónica de Bogotá, 2015 | ||
| 610 | 2 | 4 |
_aEjercito de Liberacion Nacional. ELN _vRelatos personales _9159843 |
| 650 | 1 | 7 |
_2LEMB _aAutores colombianos _xSiglo XX _924277 |
| 650 | 1 | 7 |
_2LEMB _aBibliotecas para ciegos _vRelatos personales _9159846 |
| 650 | 1 | 7 |
_2LEMB _aCronicas colombianas _xSiglo XX _9159844 |
| 650 | 1 | 7 |
_2LEMB _aCulturas tradicionales _vRelatos personales _9159847 |
| 650 | 1 | 7 |
_2LEMB _aGuerrilleros colombianos _vRelatos personales _9159845 |
| 650 | 1 | 7 |
_2LEMB _aPeriodismo colombiano _ySiglo XX _9159465 |
| 651 | 4 |
_aColombia _xVida social y costumbres _vCronicas _9159848 |
|
| 700 | 1 |
_aJimenez Quijano, Santiago _eautor _9159849 |
|
| 700 | 1 |
_aLeon Borja, Lizeth _eautora _9159850 |
|
| 700 | 1 |
_aMartinez Usaquen, Nelson Octavio _eautor _9159851 |
|
| 700 | 1 |
_aPiamonte Peña, Raul _eautor _9159852 |
|
| 700 | 1 |
_aSanchez, Zenaida Edith _eautora _9159853 |
|
| 942 |
_2ddc _cBK |
||
| 999 |
_c9022 _d9022 |
||